000 02223nam a2200253 4500
001 0000010885
005 20250329165510.0
008 180709s2018 000 0 eng d
040 _aCO-CtgCURN
_bspa
_ccoctgcurn
082 0 _aTSO 2018
_bG934
100 1 _aAlvarado Guerra, Carmen Victoria.
245 1 0 _aBienestar social y el capital social como elemento constructor de comunidad en el sector la puntilla del barrio olaya herrera de la ciudad de cartagena, durante el periodo 2017-2018 /
_cCarmen Victoria Alvarado Guerra; Ana María López Marsiglia; Nain Elena Montero Montes; Cintia Torrenegra Marrugo; Investigador: Rocio M. González Navarro.
260 _aCartagena de Indias :
_bCorporación Universitaria Rafael Nuñez,
_c2018.
504 _aTrabajo de grado (Trabajo Social). Corporación Universitaria Rafael Nuñez. Facultad de Ciencias de Sociales y Humanas. Trabajo Social, 2018.
520 _aLa presente Investigación se situa en un campo que cobra cada vez mas relevancia e interes en el Trabajo Social desde la decada de los 70?s: el Bienestar Social y el capital social. El contexto social se encuentra en decreciente complejidad en las ultimas decadas, este ha modificado sustancialmente en las bases sobre las que se habia construido el consenso sobre el bienestar social del individuo. Es de esta manera que uno de los focos de interes de esta Investigación gira en torno al bienestar del individuo, a la participacion comunitaria y a la construcción del capital social de la comunidad; centrandose en analizar los posibles marcos de relaciones que se establecen entre los distintos agentes sociales en la satisfacción individual y colectivas.
650 0 _aTrabajo social
_vTesis y disertaciones academicas.
700 1 _aLópez Marsiglia, Ana María.
700 1 _aMontero Montes, Nain Elena.
700 1 _aTorrenegra Marrugo, Cintia.
700 1 _aGonzález Navarro, Rocio M,
_eInvestigador.
856 _uhttps://unicurn.sharepoint.com/:b:/s/biblioteca/EeJP2TRiQ-BBo7RcXCn6MLQBXiJUSXsCBCb4vcMDrHlR4A?e=LenBLy
_zClick aqui para ver el recurso en texto completo
942 _2ddc
_cTG
_hTSO 2018
_iG934
999 _c5998
_d5998